Normal view
MARC view
- Americanisms
Entry Topical Term
001 - CONTROL NUMBER
- control field: 128706
003 - CONTROL NUMBER IDENTIFIER
- control field: NUST
005 - DATE AND TIME OF LATEST TRANSACTION
- control field: 20250416151315.0
008 - FIXED-LENGTH DATA ELEMENTS
- fixed length control field: 250416|| aca||aabn | a|a d
040 ## - CATALOGING SOURCE
- Original cataloging agency: NUST
- Transcribing agency: NUST
150 ## - HEADING--TOPICAL TERM
- Topical term or geographic name entry element: Americanisms
- Form subdivision: Dictionaries
670 ## - SOURCE DATA FOUND
- Source citation: Work cat.: (NUST)0: Garner, Bryan A., author. 83457, Garner's modern English usage /
